[Event "XX Open Internacional Sant Marti 2018"]
[Site "Barcelona"]
[Date "2018.07.14"]
[Round "2.1"]
[White "Guseinov, Gadir"]
[Black "Gonzalez Rodriguez, Jorge A."]
[Result "1-0"]
[BlackElo "2271"]
[WhiteElo "2654"]
[LiveChessVersion "1.4.8"]

1. e4 {[%clk 1:30:57]} e6 {[%clk 1:27:15]} 2. d4 {[%clk 1:31:20]} d5
{[%clk 1:27:25]} 3. Nd2 {[%clk 1:31:44]} Nf6 {[%clk 1:27:49]} 4. e5
{[%clk 1:32:07]} Nfd7 {[%clk 1:28:16]} 5. c3 {[%clk 1:32:29]} c5 {[%clk 1:28:31]}
6. Bd3 {[%clk 1:32:53]} Nc6 {[%clk 1:28:58]} 7. Ngf3 {[%clk 1:33:16]} c4
{[%clk 1:29:11]} 8. Bc2 {[%clk 1:32:24]} b5 {[%clk 1:29:41]} 9. Nf1
{[%clk 1:32:49]} h6 {[%clk 1:25:06]} 10. Ne3 {[%clk 1:29:23]} Nb6
{[%clk 1:25:21]} 11. O-O {[%clk 1:29:28]} Be7 {[%clk 1:23:42]} 12. Ne1
{[%clk 1:27:43]} h5 {[%clk 1:22:50]} 13. f4 {[%clk 1:23:37]} g6 {[%clk 1:23:08]}
14. h3 {[%clk 1:23:41]} Kd7 {[%clk 1:23:10]} 15. b3 {[%clk 1:21:51]} Kc7
{[%clk 1:23:21]} 16. a4 {[%clk 1:21:56]} cxb3 {[%clk 1:11:09]} 17. Bxb3
{[%clk 1:20:42]} Ba6 {[%clk 1:11:08]} 18. Rf2 {[%clk 1:16:10]} bxa4
{[%clk 1:11:00]} 19. Bxa4 {[%clk 1:16:35]} Na5 {[%clk 0:49:45]} 20. Bc2
{[%clk 1:15:59]} Nbc4 {[%clk 0:49:54]} 21. Nxc4 1-0

[Event "XX Open Internacional Sant Marti 2018"]
[Site "Barcelona"]
[Date "2018.07.14"]
[Round "2.2"]
[White "Saurabh, Anand"]
[Black "Martinez Alcantara, Jose Eduardo"]
[Result "0-1"]
[BlackElo "2545"]
[WhiteElo "2258"]
[LiveChessVersion "1.4.8"]

1. e4 {[%clk 1:30:55]} e5 {[%clk 1:30:52]} 2. Nf3 {[%clk 1:30:47]} Nc6
{[%clk 1:31:17]} 3. d4 {[%clk 1:30:32]} exd4 {[%clk 1:31:41]} 4. Nxd4
{[%clk 1:30:56]} Nf6 {[%clk 1:32:06]} 5. Nxc6 {[%clk 1:30:53]} bxc6
{[%clk 1:32:33]} 6. e5 {[%clk 1:31:14]} Qe7 {[%clk 1:32:59]} 7. Qe2
{[%clk 1:31:38]} Nd5 {[%clk 1:33:26]} 8. c4 {[%clk 1:31:56]} Nb6 {[%clk 1:33:54]}
9. Nc3 {[%clk 1:31:51]} Qe6 {[%clk 1:34:19]} 10. Qe4 {[%clk 1:31:48]} g6
{[%clk 1:34:36]} 11. f4 {[%clk 1:31:41]} Bg7 {[%clk 1:29:06]} 12. Bd2
{[%clk 1:31:18]} O-O {[%clk 1:28:15]} 13. O-O-O {[%clk 1:28:24]} d5
{[%clk 1:25:31]} 14. Qc2 {[%clk 1:24:06]} Qe7 {[%clk 1:16:55]} 15. Bd3
{[%clk 1:21:00]} f6 {[%clk 1:13:45]} 16. exf6 {[%clk 1:18:55]} Qxf6
{[%clk 1:13:03]} 17. c5 {[%clk 1:15:03]} Nc4 {[%clk 1:07:14]} 18. Bxc4
{[%clk 1:11:09]} dxc4 {[%clk 1:07:30]} 19. Qa4 {[%clk 1:10:45]} Rb8
{[%clk 1:01:17]} 20. Rde1 Qf7 {[%clk 0:51:04]} 21. Qxc6 {[%clk 0:52:20]} Rd8
{[%clk 0:49:40]} 22. h3 {[%clk 0:47:17]} Bf5 {[%clk 0:38:11]} 23. Re2
{[%clk 0:45:57]} Rxd2 {[%clk 0:34:16]} 24. Kxd2 {[%clk 0:43:03]} Bd3
{[%clk 0:33:18]} 25. Nd1 {[%clk 0:36:49]} Qxf4+ {[%clk 0:32:20]} 26. Ke1
{[%clk 0:36:25]} Qg3+ {[%clk 0:31:59]} 27. Rf2 {[%clk 0:35:05]} Qe5+
{[%clk 0:32:20]} 28. Kd2 {[%clk 0:35:29]} Bh6+ {[%clk 0:32:45]} 0-1

[Event "XX Open Internacional Sant Marti 2018"]
[Site "Barcelona"]
[Date "2018.07.14"]
[Round "2.3"]
[White "Krysa, Leandro"]
[Black "Serarols Mabras, Bernat"]
[Result "0-1"]
[BlackElo "2269"]
[WhiteElo "2533"]
[LiveChessVersion "1.4.8"]

1. d4 Nf6 2. c4 e6 3. Nf3 d5 4. g3 Bb4+ 5. Bd2 Bd6 6. Bg5 O-O 7. Bg2 Nbd7 8. O-O
h6 9. Bxf6 Nxf6 10. Nc3 c6 11. Qb3 b6 12. Rad1 Bb7 13. Rfe1 Qc7 14. e3 Rac8 15.
a3 Qb8 16. Nd2 Rfd8 17. e4 dxe4 18. Ndxe4 Nxe4 19. Nxe4 c5 20. Nxd6 Rxd6 21. Bxb7
Qxb7 22. dxc5 Rdc6 23. Rd4 Rxc5 24. Red1 Qb8 25. Qd3 b5 26. cxb5 Qxb5 27. b4 Qxd3
28. R1xd3 R5c7 29. Kg2 Kf8 30. Kf3 Ke7 31. Ke3 g5 32. h4 f5 33. hxg5 hxg5 34. g4
Kf6 35. gxf5 Kxf5 36. Rd6 Rc6 37. Rxc6 Rxc6 38. Kd4 e5+ 39. Kd5 e4 40. Rd2 Rc3
41. a4 Rd3+ 0-1

[Event "XX Open Internacional Sant Marti 2018"]
[Site "Barcelona"]
[Date "2018.07.14"]
[Round "2.4"]
[White "Blasco Coll, Andreu"]
[Black "Quesada Perez, Yasser"]
[Result "0-1"]
[BlackElo "2531"]
[WhiteElo "2242"]
[LiveChessVersion "1.4.8"]

1. d4 {[%clk 1:30:54]} d5 {[%clk 1:30:47]} 2. Bf4 {[%clk 1:31:07]} Nf6
{[%clk 1:30:52]} 3. e3 {[%clk 1:31:15]} e6 {[%clk 1:30:28]} 4. Nf3
{[%clk 1:30:28]} Bd6 {[%clk 1:30:44]} 5. Bg3 {[%clk 1:29:49]} O-O
{[%clk 1:31:01]} 6. Nbd2 {[%clk 1:29:47]} b6 {[%clk 1:31:02]} 7. Bd3
{[%clk 1:29:08]} Bb7 {[%clk 1:31:24]} 8. c3 {[%clk 1:28:25]} c5 {[%clk 1:31:34]}
9. Ne5 {[%clk 1:25:24]} Nc6 {[%clk 1:31:44]} 10. O-O {[%clk 1:24:24]} Ne7
{[%clk 1:26:43]} 11. Qe2 {[%clk 1:15:46]} Nf5 {[%clk 1:21:48]} 12. Bf4
{[%clk 1:11:24]} Be7 {[%clk 1:17:15]} 13. Rad1 {[%clk 1:03:25]} Nd6
{[%clk 1:15:38]} 14. Bg5 {[%clk 0:55:35]} Qc7 {[%clk 1:01:43]} 15. f4
{[%clk 0:50:11]} Rad8 {[%clk 0:52:32]} 16. Rf3 {[%clk 0:39:11]} Nfe4
{[%clk 0:48:09]} 17. Rh3 {[%clk 0:34:35]} g6 {[%clk 0:47:16]} 18. Bxe4
{[%clk 0:32:08]} dxe4 {[%clk 0:46:43]} 19. Qf2 {[%clk 0:27:18]} Nf5
{[%clk 0:37:36]} 20. g4 {[%clk 0:23:23]} f6 {[%clk 0:38:00]} 21. gxf5
{[%clk 0:22:57]} fxe5 {[%clk 0:35:32]} 22. Rxh7 {[%clk 0:18:32]} Kxh7
{[%clk 0:35:54]} 23. Qh4+ {[%clk 0:18:56]} Kg8 {[%clk 0:36:18]} 24. Bxe7
{[%clk 0:19:06]} exf5 {[%clk 0:35:59]} 25. Kh1 {[%clk 0:16:16]} exd4
{[%clk 0:23:05]} 26. Rg1 {[%clk 0:15:54]} Kg7 {[%clk 0:23:25]} 27. Qg5
{[%clk 0:15:11]} Rd6 {[%clk 0:23:42]} 28. Nc4 {[%clk 0:10:55]} Re6
{[%clk 0:23:44]} 29. Bxf8+ {[%clk 0:10:22]} Kxf8 {[%clk 0:24:12]} 30. Qh6+
{[%clk 0:09:34]} Qg7 {[%clk 0:24:15]} 31. Qh4 {[%clk 0:08:52]} Qf6 32. Qh7
{[%clk 0:08:00]} Qg7 {[%clk 0:21:48]} 33. Qh4 {[%clk 0:08:17]} Ke8
{[%clk 0:17:47]} 34. cxd4 {[%clk 0:07:25]} cxd4 {[%clk 0:18:10]} 35. Rd1
{[%clk 0:07:16]} d3 {[%clk 0:18:34]} 36. Ne5 {[%clk 0:06:45]} Rd6
{[%clk 0:17:48]} 37. Qe1 {[%clk 0:04:14]} Qc7 {[%clk 0:13:28]} 38. Qh4
{[%clk 0:03:22]} Qg7 {[%clk 0:13:03]} 39. Qe1 {[%clk 0:03:47]} Kd8
{[%clk 0:08:58]} 40. Qb4 {[%clk 0:03:52]} Rd5 {[%clk 0:09:18]} 41. Qa4
{[%clk 0:02:31]} a5 {[%clk 0:08:12]} 42. Rg1 {[%clk 0:02:18]} d2 {[%clk 0:07:32]}
43. Rd1 {[%clk 0:02:05]} Qc7 {[%clk 0:06:52]} 44. Kg2 {[%clk 0:01:24]} g5
{[%clk 0:05:48]} 45. Qa3 {[%clk 0:00:38]} Ke8 {[%clk 0:05:50]} 46. Kg3
{[%clk 0:00:31]} gxf4+ {[%clk 0:06:10]} 47. exf4 {[%clk 0:00:46]} Qc2
{[%clk 0:06:18]} 48. Qb3 {[%clk 0:00:35]} Qxb3+ {[%clk 0:06:40]} 49. axb3
{[%clk 0:01:00]} e3 {[%clk 0:07:08]} 0-1

[Event "XX Open Internacional Sant Marti 2018"]
[Site "Barcelona"]
[Date "2018.07.14"]
[Round "2.5"]
[White "Alonso Rosell, Alvar"]
[Black "Gorti, Akshita"]
[Result "1-0"]
[BlackElo "2255"]
[WhiteElo "2523"]
[LiveChessVersion "1.4.8"]

1. d4 {[%clk 1:18:24]} e6 {[%clk 1:30:54]} 2. c4 {[%clk 1:18:50]} d5
{[%clk 1:29:57]} 3. Nc3 {[%clk 1:19:18]} a6 {[%clk 1:30:07]} 4. cxd5
{[%clk 1:19:46]} exd5 {[%clk 1:30:23]} 5. Nf3 {[%clk 1:20:14]} Nf6
{[%clk 1:30:36]} 6. Bg5 {[%clk 1:20:42]} Be6 {[%clk 1:30:44]} 7. e3
{[%clk 1:21:10]} Nbd7 {[%clk 1:30:57]} 8. Bd3 {[%clk 1:21:38]} Bd6
{[%clk 1:30:43]} 9. O-O {[%clk 1:08:20]} h6 {[%clk 1:30:40]} 10. Bf4
{[%clk 1:08:03]} Qe7 {[%clk 1:29:55]} 11. Rc1 {[%clk 1:00:54]} O-O
{[%clk 1:28:00]} 12. h3 {[%clk 0:59:52]} c6 {[%clk 1:25:37]} 13. Re1
{[%clk 0:58:21]} Rfe8 {[%clk 1:22:45]} 14. Nd2 {[%clk 0:55:38]} Nb6
{[%clk 1:14:37]} 15. Qb3 {[%clk 0:46:31]} Nc8 {[%clk 1:08:44]} 16. Qc2
{[%clk 0:34:08]} Qc7 {[%clk 1:01:55]} 17. Ne2 {[%clk 0:34:10]} Nh5
{[%clk 0:57:23]} 18. Bxd6 {[%clk 0:32:48]} Nxd6 {[%clk 0:57:24]} 19. Nb3
{[%clk 0:32:43]} Qe7 {[%clk 0:52:01]} 20. Nc5 {[%clk 0:29:39]} Qg5
{[%clk 0:50:41]} 21. Kh2 {[%clk 0:23:17]} Re7 {[%clk 0:42:29]} 22. Ng1
{[%clk 0:19:47]} Rae8 {[%clk 0:38:23]} 23. Nf3 {[%clk 0:07:38]} Qf6
{[%clk 0:38:44]} 24. Ne5 {[%clk 0:07:41]} g5 {[%clk 0:32:01]} 25. g4
{[%clk 0:02:54]} Ng7 {[%clk 0:32:09]} 26. f4 {[%clk 0:02:58]} h5 {[%clk 0:24:58]}
27. Rg1 {[%clk 0:02:42]} hxg4 {[%clk 0:23:02]} 28. Rxg4 {[%clk 0:02:59]} gxf4
{[%clk 0:21:14]} 29. Nxe6 {[%clk 0:01:12]} Qxe6 {[%clk 0:20:46]} 30. Rcg1
{[%clk 0:01:30]} 1-0

[Event "XX Open Internacional Sant Marti 2018"]
[Site "Barcelona"]
[Date "2018.07.14"]
[Round "2.6"]
[White "Marzo Pie, Xavier"]
[Black "Cuartas, Jaime Alexander"]
[Result "0-1"]
[BlackElo "2508"]
[WhiteElo "2206"]
[LiveChessVersion "1.4.8"]

1. d4 {[%clk 1:30:58]} d5 {[%clk 1:29:52]} 2. c4 {[%clk 1:31:20]} c6
{[%clk 1:30:18]} 3. Nf3 {[%clk 1:31:39]} Nf6 {[%clk 1:30:43]} 4. e3
{[%clk 1:31:56]} Bf5 {[%clk 1:31:09]} 5. Nc3 {[%clk 1:30:48]} e6 {[%clk 1:31:29]}
6. Nh4 {[%clk 1:28:02]} Be4 {[%clk 1:31:31]} 7. Qb3 {[%clk 1:25:24]} Qc7
{[%clk 1:31:35]} 8. Bd2 {[%clk 1:20:52]} Be7 {[%clk 1:28:32]} 9. Rc1
{[%clk 1:17:04]} Qb6 {[%clk 1:21:26]} 10. f3 {[%clk 0:54:25]} Bg6
{[%clk 1:20:47]} 11. Be2 {[%clk 0:53:36]} dxc4 {[%clk 1:14:31]} 12. Qxb6
{[%clk 0:47:08]} axb6 {[%clk 1:14:55]} 13. Bxc4 {[%clk 0:47:35]} Bh5
{[%clk 1:13:34]} 14. f4 {[%clk 0:41:28]} b5 {[%clk 1:13:33]} 15. Bb3
{[%clk 0:41:22]} Nbd7 {[%clk 1:09:37]} 16. f5 {[%clk 0:38:52]} b4
{[%clk 1:08:49]} 17. Na4 {[%clk 0:35:37]} b5 {[%clk 1:05:14]} 18. Nc5
{[%clk 0:34:24]} Nxc5 {[%clk 1:05:38]} 19. dxc5 {[%clk 0:34:49]} Ne4
{[%clk 1:06:03]} 20. Nf3 {[%clk 0:33:14]} Nxc5 {[%clk 1:05:38]} 21. O-O
{[%clk 0:31:10]} Nxb3 {[%clk 1:02:32]} 22. axb3 {[%clk 0:31:35]} Bxf3
{[%clk 1:01:15]} 23. Rxf3 {[%clk 0:31:59]} c5 {[%clk 1:01:23]} 24. e4
{[%clk 0:31:02]} O-O {[%clk 1:01:27]} 25. Be3 {[%clk 0:28:10]} Rfc8
{[%clk 1:01:01]} 26. e5 {[%clk 0:25:51]} exf5 {[%clk 0:59:02]} 27. Rxf5
{[%clk 0:26:16]} Ra6 {[%clk 0:59:18]} 28. Rcf1 {[%clk 0:22:01]} Re6
{[%clk 0:57:34]} 29. Rxf7 {[%clk 0:21:11]} Rxe5 {[%clk 0:57:37]} 30. Bc1
{[%clk 0:16:03]} Re2 {[%clk 0:57:05]} 31. R7f5 {[%clk 0:15:25]} Bf6
{[%clk 0:55:46]} 32. Rd1 {[%clk 0:10:42]} Bd4+ {[%clk 0:54:30]} 33. Kf1
{[%clk 0:09:58]} Rc2 {[%clk 0:54:10]} 34. Bd2 {[%clk 0:02:42]} Rxb2
{[%clk 0:52:08]} 35. Rf3 {[%clk 0:02:13]} Bf6 {[%clk 0:48:36]} 36. Be1
{[%clk 0:01:21]} Ra2 {[%clk 0:48:42]} 37. Rf2 {[%clk 0:00:35]} Ra3
{[%clk 0:48:15]} 38. Rb1 {[%clk 0:00:34]} Bc3 {[%clk 0:46:39]} 39. Rc2
{[%clk 0:00:36]} Rf8+ {[%clk 0:44:26]} 40. Kg1 {[%clk 0:00:33]} Bd4+
{[%clk 0:44:34]} 41. Bf2 {[%clk 0:01:00]} Rxf2 {[%clk 0:44:33]} 42. Rxf2
{[%clk 0:01:06]} Ra2 {[%clk 0:44:40]} 43. Rbf1 {[%clk 0:01:35]} c4
{[%clk 0:44:51]} 0-1

[Event "XX Open Internacional Sant Marti 2018"]
[Site "Barcelona"]
[Date "2018.07.14"]
[Round "2.7"]
[White "Munoz, Miguel"]
[Black "Glimbrant, Torbjorn"]
[Result "1-0"]
[BlackElo "2213"]
[WhiteElo "2500"]
[LiveChessVersion "1.4.8"]

1. e4 {[%clk 1:20:13]} c5 {[%clk 1:30:50]} 2. g3 {[%clk 1:20:17]} d5
{[%clk 1:31:06]} 3. exd5 {[%clk 1:20:30]} Qxd5 {[%clk 1:31:27]} 4. Nf3
{[%clk 1:20:55]} Bg4 {[%clk 1:31:44]} 5. Be2 {[%clk 1:21:20]} Nc6
{[%clk 1:30:23]} 6. h3 {[%clk 1:21:27]} Bf5 {[%clk 1:30:19]} 7. d3
{[%clk 1:21:49]} e5 {[%clk 1:27:50]} 8. Nc3 {[%clk 1:12:04]} Qd7 {[%clk 1:28:06]}
9. g4 {[%clk 1:12:30]} Bg6 {[%clk 1:25:50]} 10. Nh4 {[%clk 1:11:06]} Nf6
{[%clk 1:19:16]} 11. Be3 {[%clk 1:10:36]} Be7 {[%clk 1:15:05]} 12. Bf3
{[%clk 1:09:24]} Nd4 {[%clk 1:11:46]} 13. Bg2 {[%clk 1:06:54]} O-O
{[%clk 1:07:50]} 14. Nxg6 {[%clk 1:04:14]} fxg6 {[%clk 1:07:03]} 15. Qd2
{[%clk 0:59:33]} Rad8 {[%clk 1:05:21]} 16. O-O-O {[%clk 0:57:47]} b5
{[%clk 1:04:41]} 17. Ne4 {[%clk 0:55:09]} b4 {[%clk 0:59:57]} 18. Kb1
{[%clk 0:50:54]} Qa4 {[%clk 0:56:39]} 19. c4 {[%clk 0:49:32]} bxc3
{[%clk 0:52:48]} 20. Qxc3 {[%clk 0:46:22]} Nd5 {[%clk 0:44:24]} 21. Qc4
{[%clk 0:45:22]} Qxc4 {[%clk 0:44:05]} 22. dxc4 {[%clk 0:45:46]} Nf4
{[%clk 0:44:16]} 23. Bxf4 {[%clk 0:39:46]} exf4 {[%clk 0:40:30]} 24. Rhe1
{[%clk 0:37:05]} f3 {[%clk 0:37:28]} 25. Bf1 {[%clk 0:34:14]} Rb8
{[%clk 0:37:34]} 26. Rd3 {[%clk 0:33:42]} Rb7 {[%clk 0:36:59]} 27. Ra3
{[%clk 0:27:29]} Rfb8 {[%clk 0:33:33]} 28. b3 {[%clk 0:27:51]} Rc7
{[%clk 0:33:28]} 29. Ra5 {[%clk 0:24:32]} Rd8 {[%clk 0:28:05]} 30. Kb2
{[%clk 0:20:11]} Bh4 {[%clk 0:26:05]} 31. Re3 {[%clk 0:16:29]} Re7
{[%clk 0:19:56]} 32. Nxc5 {[%clk 0:13:23]} Rde8 {[%clk 0:19:12]} 33. Rxe7
{[%clk 0:13:15]} Rxe7 {[%clk 0:19:33]} 34. Nd3 {[%clk 0:13:37]} Ne2
{[%clk 0:11:37]} 35. Kc2 {[%clk 0:13:28]} g5 {[%clk 0:11:35]} 36. Re5
{[%clk 0:11:36]} Nd4+ {[%clk 0:11:09]} 37. Kc3 {[%clk 0:10:26]} Rxe5
{[%clk 0:11:27]} 38. Nxe5 {[%clk 0:10:33]} Bxf2 {[%clk 0:11:47]} 39. Kd3
{[%clk 0:10:39]} Kf8 {[%clk 0:09:44]} 40. b4 {[%clk 0:10:19]} Ke8
{[%clk 0:09:37]} 41. c5 {[%clk 0:09:58]} Ne6 {[%clk 0:08:59]} 42. Nxf3
{[%clk 0:10:01]} g6 {[%clk 0:08:24]} 43. Ke4 {[%clk 0:09:38]} a5 {[%clk 0:06:03]}
44. Bc4 {[%clk 0:08:39]} Nd8 {[%clk 0:05:05]} 45. a3 {[%clk 0:08:52]} h5
{[%clk 0:03:36]} 46. Bd5 {[%clk 0:08:30]} Kd7 {[%clk 0:03:30]} 47. Nd4
{[%clk 0:08:24]} axb4 {[%clk 0:02:17]} 48. axb4 {[%clk 0:08:39]} Be1
{[%clk 0:02:36]} 49. b5 {[%clk 0:08:36]} Bb4 {[%clk 0:02:57]} 50. Nb3
{[%clk 0:08:56]} 1-0

[Event "XX Open Internacional Sant Marti 2018"]
[Site "Barcelona"]
[Date "2018.07.14"]
[Round "2.8"]
[White "Harikrishnan.A.Ra"]
[Black "Oliva Castaneda, Kevel"]
[Result "0-1"]
[BlackElo "2491"]
[WhiteElo "2204"]
[LiveChessVersion "1.4.8"]

1. Nf3 {[%clk 1:30:42]} d5 {[%clk 1:29:30]} 2. g3 {[%clk 1:30:48]} g6
{[%clk 1:27:30]} 3. Bg2 {[%clk 1:31:13]} Bg7 {[%clk 1:27:57]} 4. O-O
{[%clk 1:31:35]} e5 {[%clk 1:28:13]} 5. d3 {[%clk 1:27:26]} Ne7 {[%clk 1:27:40]}
6. e4 {[%clk 1:27:34]} d4 {[%clk 1:26:14]} 7. Nh4 {[%clk 1:24:26]} O-O
{[%clk 1:14:53]} 8. f4 {[%clk 1:24:32]} exf4 {[%clk 1:15:15]} 9. Bxf4
{[%clk 1:24:11]} c5 {[%clk 1:13:42]} 10. a4 {[%clk 1:21:14]} h6 {[%clk 1:08:54]}
11. Nf3 {[%clk 1:20:17]} g5 {[%clk 1:07:30]} 12. Bd2 {[%clk 1:12:41]} f5
{[%clk 1:04:19]} 13. exf5 {[%clk 0:58:05]} Nxf5 {[%clk 1:04:39]} 14. Na3
{[%clk 0:56:54]} Nc6 {[%clk 1:04:08]} 15. Nc4 {[%clk 0:51:08]} Re8
{[%clk 0:54:32]} 16. Re1 {[%clk 0:49:21]} Be6 {[%clk 0:52:51]} 17. Kh1
{[%clk 0:26:48]} Bd5 {[%clk 0:49:55]} 18. Ng1 {[%clk 0:23:10]} Bxg2+
{[%clk 0:40:33]} 19. Kxg2 {[%clk 0:23:38]} Rf8 {[%clk 0:40:55]} 20. Re4
{[%clk 0:19:10]} Qd5 {[%clk 0:39:11]} 21. Qe2 {[%clk 0:18:11]} Ne5
{[%clk 0:31:50]} 22. Nxe5 {[%clk 0:17:48]} Bxe5 {[%clk 0:32:15]} 23. Nf3
{[%clk 0:08:27]} Bg7 {[%clk 0:31:08]} 24. h3 {[%clk 0:04:20]} Qd6
{[%clk 0:27:00]} 25. Qe1 {[%clk 0:03:53]} Qc6 {[%clk 0:24:16]} 26. Qe2
{[%clk 0:03:30]} Rf7 {[%clk 0:23:41]} 27. g4 {[%clk 0:02:07]} Nd6
{[%clk 0:24:03]} 28. Re6 {[%clk 0:02:11]} Raf8 {[%clk 0:23:28]} 29. Rf1
{[%clk 0:02:36]} Qd5 {[%clk 0:23:04]} 30. Re7 {[%clk 0:02:01]} Rxe7
{[%clk 0:12:11]} 31. Qxe7 {[%clk 0:02:29]} Re8 {[%clk 0:11:59]} 32. Qc7
{[%clk 0:02:08]} Nf7 {[%clk 0:11:47]} 33. Re1 {[%clk 0:00:43]} Be5
{[%clk 0:05:57]} 34. Qa5 {[%clk 0:01:02]} Rf8 {[%clk 0:06:17]} 35. Qb5
{[%clk 0:00:42]} Bc7 {[%clk 0:06:28]} 36. Qb3 {[%clk 0:00:38]} Qd6
{[%clk 0:06:52]} 37. Ne5 {[%clk 0:00:33]} Kg7 {[%clk 0:07:17]} 0-1

[Event "XX Open Internacional Sant Marti 2018"]
[Site "Barcelona"]
[Date "2018.07.14"]
[Round "2.9"]
[White "Cori Quispe, Kevin Joel"]
[Black "Romero Pallares, Daniel"]
[Result "1-0"]
[BlackElo "2202"]
[WhiteElo "2487"]
[LiveChessVersion "1.4.8"]

1. e4 {[%clk 1:30:56]} c5 {[%clk 1:30:01]} 2. Nf3 {[%clk 1:31:18]} d6
{[%clk 1:30:26]} 3. d4 {[%clk 1:31:37]} cxd4 {[%clk 1:30:49]} 4. Nxd4
{[%clk 1:32:02]} Nf6 {[%clk 1:31:15]} 5. Nc3 {[%clk 1:32:23]} g6 {[%clk 1:31:08]}
6. Be3 {[%clk 1:32:45]} Bg7 {[%clk 1:31:34]} 7. f3 {[%clk 1:32:56]} O-O
{[%clk 1:31:56]} 8. Qd2 {[%clk 1:33:22]} Nc6 {[%clk 1:32:24]} 9. g4
{[%clk 1:33:37]} Be6 {[%clk 1:32:08]} 10. Nxe6 {[%clk 1:33:49]} fxe6
{[%clk 1:32:32]} 11. O-O-O {[%clk 1:34:08]} d5 {[%clk 1:18:59]} 12. exd5
{[%clk 1:00:56]} Nxd5 {[%clk 1:11:46]} 13. Nxd5 {[%clk 1:01:01]} exd5
{[%clk 1:11:23]} 14. f4 {[%clk 1:00:12]} d4 {[%clk 0:55:50]} 15. Bc4+
{[%clk 0:59:38]} Kh8 {[%clk 0:55:59]} 16. Bf2 {[%clk 0:59:13]} Qd6
{[%clk 0:55:13]} 17. Bg3 {[%clk 0:58:58]} Qc5 {[%clk 0:55:32]} 18. Be6
{[%clk 0:56:00]} b5 {[%clk 0:35:50]} 19. Kb1 {[%clk 0:55:09]} Rad8
{[%clk 0:25:24]} 20. Qd3 {[%clk 0:52:00]} Nb4 {[%clk 0:21:25]} 21. Qe4
{[%clk 0:51:18]} d3 {[%clk 0:13:53]} 22. c3 {[%clk 0:51:19]} Nc6 {[%clk 0:14:05]}
23. a3 {[%clk 0:46:45]} a5 {[%clk 0:11:27]} 24. Rxd3 {[%clk 0:43:19]} Rxd3
{[%clk 0:11:26]} 25. Qxd3 {[%clk 0:43:46]} Rd8 {[%clk 0:11:25]} 26. Qe4
{[%clk 0:44:06]} b4 {[%clk 0:10:24]} 27. cxb4 {[%clk 0:43:26]} Qb6
{[%clk 0:10:49]} 28. Rc1 {[%clk 0:40:59]} Nd4 {[%clk 0:09:00]} 29. f5
{[%clk 0:40:53]} Nxe6 {[%clk 0:01:03]} 30. fxe6 {[%clk 0:41:16]} axb4
{[%clk 0:01:20]} 31. Bc7 {[%clk 0:39:58]} Qf2 {[%clk 0:00:35]} 32. Qxb4
{[%clk 0:39:53]} Rd2 {[%clk 0:00:34]} 33. Qb8+ {[%clk 0:40:17]} Bf8
{[%clk 0:00:42]} 34. Bf4 {[%clk 0:39:43]} 1-0

[Event "XX Open Internacional Sant Marti 2018"]
[Site "Barcelona"]
[Date "2018.07.14"]
[Round "2.10"]
[White "Aguero Jimenez, Luis Lazaro"]
[Black "Deshpande, Aniruddha"]
[Result "1-0"]
[BlackElo "2132"]
[WhiteElo "2473"]
[LiveChessVersion "1.4.8"]

1. d4 {[%clk 1:30:36]} d5 {[%clk 1:30:54]} 2. Nc3 {[%clk 1:31:03]} c6
{[%clk 1:30:16]} 3. e4 {[%clk 1:31:28]} dxe4 {[%clk 1:30:42]} 4. Nxe4
{[%clk 1:31:55]} Bf5 {[%clk 1:31:07]} 5. Ng3 {[%clk 1:32:19]} Bg6
{[%clk 1:31:33]} 6. h4 {[%clk 1:32:43]} h6 {[%clk 1:31:59]} 7. Nf3
{[%clk 1:33:03]} Nd7 {[%clk 1:32:25]} 8. h5 {[%clk 1:32:37]} Bh7 {[%clk 1:32:53]}
9. Bd3 {[%clk 1:33:02]} Bxd3 {[%clk 1:33:16]} 10. Qxd3 {[%clk 1:33:30]} e6
{[%clk 1:33:39]} 11. Bf4 {[%clk 1:33:52]} Qa5+ {[%clk 1:31:39]} 12. Bd2
{[%clk 1:34:17]} Bb4 {[%clk 1:29:17]} 13. c3 {[%clk 1:34:41]} Be7
{[%clk 1:28:32]} 14. c4 {[%clk 1:35:06]} Qc7 {[%clk 1:18:45]} 15. O-O-O
{[%clk 1:35:30]} Ngf6 {[%clk 1:18:24]} 16. Kb1 {[%clk 1:35:25]} O-O
{[%clk 1:17:47]} 17. Ne4 {[%clk 1:35:06]} b5 {[%clk 1:13:26]} 18. Rc1
{[%clk 1:29:47]} Qb7 {[%clk 1:03:55]} 19. c5 {[%clk 1:24:47]} Qc7
{[%clk 0:50:22]} 20. g4 {[%clk 1:18:26]} e5 {[%clk 0:43:34]} 21. g5
{[%clk 1:07:39]} Nxe4 {[%clk 0:33:14]} 22. Qxe4 {[%clk 1:08:04]} f5
{[%clk 0:29:37]} 23. gxf6 {[%clk 1:08:28]} Bxf6 {[%clk 0:28:29]} 24. Rcg1
{[%clk 0:58:27]} exd4 {[%clk 0:23:27]} 25. Bxh6 {[%clk 0:58:22]} Nxc5
{[%clk 0:23:29]} 26. Qc2 {[%clk 0:56:11]} Ne6 {[%clk 0:08:05]} 27. Bxg7
{[%clk 0:55:44]} Nxg7 {[%clk 0:07:23]} 28. h6 {[%clk 0:56:04]} d3
{[%clk 0:07:12]} 29. Qxd3 {[%clk 0:55:15]} Rad8 {[%clk 0:05:11]} 30. hxg7
{[%clk 0:54:41]} 1-0